000 00863nam a2200265Ia 4500
003 GCL
008 140319s9999 xx 000 0 ara d
040 _aGCL /
_cGCL
082 0 4 _a301.11
_bف ن
100 1 _aفيشر، روجر
245 1 0 _aنحو التالف والاتفاق بناء علاقات ايجابية /
_cفيشر، روجر
700 1 _aبراون، سكوت
700 1 _aمحمد محمود رضوان
260 _a[S.N] :
_bالدار الدولية للنشر والتوزيع ،
_c1991
300 _a275
490 _a
650 0 4 _aالمجتمع
650 0 4 _aالاجتماع
650 0 4 _aالسلوك الاجتماعى
650 0 4 _aعلم النفس الاجتماعى
650 0 4 _aالافراد
650 0 4 _aالتكيف الاجتماعى
650 0 4 _aالتفاعل الاجتماعى
942 _2ddc
_cBK
999 _c28936
_d28936